LEADER 02890nam 2200697 a 450 001 9910785524803321 005 20230504174644.0 010 $a3-11-080059-4 024 7 $a10.1515/9783110800593 035 $a(CKB)2670000000234858 035 $a(EBL)3040232 035 $a(SSID)ssj0000560324 035 $a(PQKBManifestationID)11356681 035 $a(PQKBTitleCode)TC0000560324 035 $a(PQKBWorkID)10570650 035 $a(PQKB)11350094 035 $a(MiAaPQ)EBC3040232 035 $a(WaSeSS)Ind00013772 035 $a(DE-B1597)42963 035 $a(OCoLC)952747939 035 $a(OCoLC)979847812 035 $a(DE-B1597)9783110800593 035 $a(Au-PeEL)EBL3040232 035 $a(CaPaEBR)ebr10585229 035 $a(CaONFJC)MIL558420 035 $a(OCoLC)923706084 035 $a(EXLCZ)992670000000234858 100 $a19990303e19992011 uy 0 101 0 $aeng 135 $aurnn#---|u||u 181 $ctxt$2rdacontent 182 $cc$2rdamedia 183 $acr$2rdacarrier 200 14$aThe Welsh answering system /$fBob Morris Jones 205 $aReprint 2011 210 $aBerlin ;$aNew York $cMouton de Gruyter$d1999 215 $a1 online resource (xvi, 360 pages) 225 0 $aTrends in Linguistics. Studies and Monographs [TiLSM] ;$v120 300 $aDescription based upon print version of record. 311 0 $a3-11-016450-7 320 $aIncludes bibliographical references (p. [317]-349) and index. 327 $tFront matter --$tPreface --$tContents --$tAcknowledgements --$tList of figures --$tList of tables --$t1. Answering systems --$t2. Welsh echo responsives --$t3. Welsh echo and nonecho responsives --$t4. Discourse functions of Welsh responsives --$t5. A formal analysis of Welsh responsives --$t6. Children's use of Welsh responsives --$t7. Language contact: the influence of English --$t8. Internal causes of variation --$tAppendix I. Conventions in the corpus examples --$tAppendix II. Conventions in the interlinear glosses --$tAppendix III. Additional examples of responsives --$tAppendix IV. Examples of formal answering systems --$tNotes --$tReferences --$tIndex --$tErrata --$tBack matter 410 0$aTrends in Linguistics : Studies and Monographs [TiLSM] 606 $aWelsh language$xDiscourse analysis 606 $aWelsh language$xSocial aspects$zWales 606 $aChildren$zWales$xLanguage 606 $aQuestions and answers 615 0$aWelsh language$xDiscourse analysis. 615 0$aWelsh language$xSocial aspects 615 0$aChildren$xLanguage. 615 0$aQuestions and answers. 676 $a491.6/6/0141 686 $aEY 284$2rvk 700 $aJones$b Bob Morris$01527135 801 0$bMiAaPQ 801 1$bMiAaPQ 801 2$bMiAaPQ 906 $aBOOK 912 $a9910785524803321 996 $aThe Welsh answering system$93819088 997 $aUNINA LEADER 01260oam 2200433zu 450 001 9911006563103321 005 20210807002753.0 010 $a1-61583-619-5 035 $a(CKB)3360000000000247 035 $a(SSID)ssj0000404024 035 $a(PQKBManifestationID)12163359 035 $a(PQKBTitleCode)TC0000404024 035 $a(PQKBWorkID)10437754 035 $a(PQKB)11382791 035 $a(EXLCZ)993360000000000247 100 $a20160829d1997 uy 101 0 $aeng 181 $ctxt 182 $cc 183 $acr 200 14$aThe valve primer 210 31$a[Place of publication not identified]$cIndustrial Press$d1997 300 $aBibliographic Level Mode of Issuance: Monograph 311 $a0-8311-3077-6 606 $aValves 606 $aMechanical Engineering$2HILCC 606 $aEngineering & Applied Sciences$2HILCC 606 $aIndustrial & Management Engineering$2HILCC 615 0$aValves. 615 7$aMechanical Engineering 615 7$aEngineering & Applied Sciences 615 7$aIndustrial & Management Engineering 676 $a621.8/4 700 $aStojkov$b Brent T$01825405 801 0$bPQKB 906 $aBOOK 912 $a9911006563103321 996 $aThe valve primer$94393028 997 $aUNINA